000 00443nam a2200181Ia 4500
999 _c10169
_d10169
003 0100
005 20170510101725.0
008 130303s9999 xx 000 0 und d
040 _cARRUPELIB
050 _aDT433.27.T87 1993
100 _aTwaddle, Michael
_930693
245 _aKakungulu the creation of Uganda, 1868-1928
260 _bJames Currey
_aLondon
_c1993
300 _aix
300 _b 310p. 23cm.
440 _aEastern African Studies
_930694
650 _aUganda
_xHistory (African peoples)-
_y1890-1962
_930695
650 _aKings and rulers
_xBiography
_xGisu
_930696
650 _aKakungulu, Semei
_xSoga
_y1868-1928
_930697
942 _2lcc
_cMONOGRAPH